La rica, dulce y sabrosa cuenta corriente de valores / (Record no. 119671)

MARC details
000 -LEADER
campo de control de longitud fija 00632nam a2200181 4500
001 - NÚMERO DE CONTROL
campo de control 119671
003 - IDENTIFICADOR DE NÚMERO DE CONTROL
campo de control ES-MaACL
005 - FECHA Y HORA DE LA ÚLTIMA TRANSACCIÓN
campo de control 20230906191354.0
007 - CAMPO FIJO DE DESCRIPCIÓN FÍSICA--INFORMACIÓN GENERAL
campo de control de longitud fija t|
008 - DATOS DE LONGITUD FIJA--INFORMACIÓN GENERAL
campo de control de longitud fija 070214s1925 sp r ||||1| spa d
100 1# - ENTRADA PRINCIPAL--NOMBRE DE PERSONA
Nombre de persona Permanyer y Bofarull, Tirso.
9 (RLIN) 91297
245 13 - MENCIÓN DEL TÍTULO
Título La rica, dulce y sabrosa cuenta corriente de valores /
Mención de responsabilidad, etc. Tirso Permanyer y Bofarull.
260 ## - PUBLICACIÓN, DISTRIBUCIÓN, ETC.
Lugar de publicación, distribución, etc. Barcelona :
Nombre del editor, distribuidor, etc. [s.n.],
Fecha de publicación, distribución, etc. 1925 (
Fabricante Tip. Imperial)
300 ## - DESCRIPCIÓN FÍSICA
Extensión 24 p. ;
Dimensiones 21 cm.
500 ## - NOTA GENERAL
Nota general Segunda conferencia leída en el Ateneo de Santa Perpetua el 9 septiembre 1925.
710 2# - ENTRADA AGREGADA--NOMBRE DE ENTIDAD CORPORATIVA
Nombre de entidad corporativa o nombre de jurisdicción como elemento de entrada Ateneo de Santa Perpetua.
9 (RLIN) 2023
852 ## - LOCALIZACIÓN
Ubicación ES-MaACL
Número de control de estantería 1689-F-17
Sublocalización o colección R.5441
Holdings
Estatus retirado Estado de pérdida Estado de daño No para préstamo Colección Biblioteca de origen Biblioteca actual Ubicación en estantería Fecha de adquisición Fuente de adquisición Total de préstamos Signatura topográfica completa Código de barras Visto por última vez Precio de reemplazo Tipo de ítem Koha
        Colección de folletos Biblioteca del Ateneo de Madrid Biblioteca del Ateneo de Madrid Depósito folletos 17/01/2008     1689-F-17 1124739 23/02/2023 23/02/2023 Folleto